Loading...
| History - American | 0 | 3 | 0 | 2 | 30 | 48 | 93.00 | 0 | 1 | 5.37 | 13.57 |
| Mythology | 0 | 3 | 1 | 0 | 25 | 53 | 74.33 | 1 | 2 | 10.05 | 12.50 |
| History - Other | 0 | 2 | 0 | 0 | 20 | 14 | 45.00 | 1 | 1 | 12.29 | 13.33 |
| Literature - British | 0 | 1 | 0 | 0 | 10 | 62 | 62.00 | 0 | 1 | 4.46 | 8.33 |
| Literature - European | 0 | 1 | 0 | 0 | 10 | 99 | 99.00 | 0 | 0 | 1.47 | 3.33 |
| Literature - World | 0 | 1 | 0 | 0 | 10 | 126 | 126.00 | 0 | 1 | 0.08 | 6.67 |
| Social Science | 0 | 1 | 0 | 0 | 10 | 98 | 98.00 | 0 | 0 | 1.44 | 4.76 |
| History - World | 0 | 1 | 0 | 0 | 10 | 27 | 27.00 | 1 | 1 | 7.48 | 10.00 |
| Literature - American | 0 | 1 | 0 | 0 | 10 | 110 | 110.00 | 0 | 0 | 0.35 | 3.33 |
| Fine Arts - Classical Music | 0 | 1 | 0 | 0 | 10 | 47 | 47.00 | 1 | 1 | 5.57 | 10.00 |
| Popular Culture | 0 | 1 | 0 | 1 | 10 | 116 | 116.00 | 0 | 0 | 0.00 | 5.56 |
| Religion | 0 | 1 | 0 | 0 | 10 | 108 | 108.00 | 0 | 0 | 0.18 | 3.33 |
| Science - Biology | 0 | 1 | 0 | 0 | 10 | 49 | 49.00 | 0 | 1 | 5.29 | 6.67 |
| Philosophy | 0 | 0 | 0 | 0 | 0 | 0.00 | 0 | 0 | 0.00 | 0.00 |